| 000 | 01206nam a2200253 a 4500 | ||
|---|---|---|---|
| 001 | 41168 | ||
| 003 | BD-RjUL | ||
| 005 | 20211209053336.0 | ||
| 008 | 160516s2005 bg a|||| |||| 00| 0 ben d | ||
| 020 |
_a9840745069 _c: TK 180.00 |
||
| 035 | _a(BD-RjUL)41284 | ||
| 040 |
_aBD-RjUL _bben _cBD-RjUL |
||
| 041 | _aben | ||
| 082 |
_223 _a891.4409 _bKHM 2005 |
||
| 100 |
_aখান, ইসরাইল _9126632 |
||
| 245 | 1 | 0 |
_aমুসলিম সম্পাদিত ও প্রকাশিত বাংলা সাহিত্য পত্রিকা : ১৯৩১-১৯৪৭ / _cইসরাইল খান |
| 260 |
_aঢাকা : _bবাংলা একাডেমী, _c২০০৫ |
||
| 300 |
_a[১৬], ৪৪৮ পৃ. : _bচিত্র ; _c২১ সেমি. |
||
| 650 |
_aবাংলা সাহিত্য _xইতিহাস ও সমালোচনা _yবিংশ শতাব্দী _9126633 |
||
| 650 |
_aBengali Literature _xHistory & Criticism _y20th Century _9126634 |
||
| 651 |
_3India _vPrinting _xHistory _zBengal _9126635 |
||
| 651 |
_3ভারত _vমুদ্রণ _xইতিহাস _zবেঙ্গল _9126636 |
||
| 942 |
_2ddc _cBK |
||
| 999 |
_c41168 _d41168 |
||